Introduction to conservation genetics
This textbook provides a clear and comprehensive introduction to the importance of genetic studies in conservation. The text is presented in an easy-to-follow format with main points and terms clearly highlighted. Each chapter concludes with a concise summary, which together with worked examples, pr...
Đã lưu trong:
| 主要作者: | |
|---|---|
| 格式: | 圖書 |
| 語言: | Undetermined |
| 出版: |
Cambridge, UK
Cambridge University Press
2002
|
| 主題: | |
| 標簽: |
添加標簽
沒有標簽, 成為第一個標記此記錄!
|
| Thư viện lưu trữ: | Trung tâm Học liệu Trường Đại học Cần Thơ |
|---|
| LEADER | 01221nam a2200205Ia 4500 | ||
|---|---|---|---|
| 001 | CTU_52082 | ||
| 008 | 210402s9999 xx 000 0 und d | ||
| 020 | |c 78.69 | ||
| 082 | |a 333.9534 | ||
| 082 | |b F829 | ||
| 100 | |a Frankham, Richard | ||
| 245 | 0 | |a Introduction to conservation genetics | |
| 245 | 0 | |c Richard Frankham, Jonathan D. Ballou, and David A. Briscoe ; line drawings by Karina H. McInness | |
| 260 | |a Cambridge, UK | ||
| 260 | |b Cambridge University Press | ||
| 260 | |c 2002 | ||
| 520 | |a This textbook provides a clear and comprehensive introduction to the importance of genetic studies in conservation. The text is presented in an easy-to-follow format with main points and terms clearly highlighted. Each chapter concludes with a concise summary, which together with worked examples, problems and answers, emphasize the key principles covered. Text boxes containing interesting case studies and other additional information enrich the content throughout. Over 100 beautiful pen and ink portraits of endangered species help bring the material to life. | ||
| 650 | |a Gerplasm resources,Tài nguyên Gerplasm | ||
| 904 | |i Trúc Phương | ||
| 980 | |a Trung tâm Học liệu Trường Đại học Cần Thơ | ||